Migration-related city networks: a global overview (Record no. 521910)

000 -LEADER
fixed length control field 01624nam a22001577a 4500
008 - FIXED-LENGTH DATA ELEMENTS--GENERAL INFORMATION
fixed length control field 230302b ||||| |||| 00| 0 eng d
100 ## - MAIN ENTRY--PERSONAL NAME
Personal name Lacroix, Thomas
245 ## - TITLE STATEMENT
Title Migration-related city networks: a global overview
260 ## - PUBLICATION, DISTRIBUTION, ETC. (IMPRINT)
Place of publication, distribution, etc Local Government Studies
300 ## - PHYSICAL DESCRIPTION
Extent 48(6), Dec, 2022: p.1027-1047
520 ## - SUMMARY, ETC.
Summary, etc In recent years, one observes a surge in the number of city networks formed to address the welcoming and integration of immigrant populations. Drawing on a database of over sixty networks, the paper provides a global overview of their different types, scales and activities. Exploring the underlying factors explaining this worldwide expansion, it highlights two sets of congruent dynamics. This phenomenon has been elicited by the longue durée devolution to local authorities of powers and responsibilities pertaining to the management of immigrant populations on the one hand and the recent events of the 2015–2016 ‘migration crisis’ on the other. It is also the outcome of the top-down influence of international organisations (including the European Union) and the bottom-up mobilisations of municipalities facing the growing contradictions between their welcoming responsibilities and security-oriented migration management. In the concluding section, the paper points to the challenges faced by international actors for the building of a ‘glocal’ migration governance. – Reproduced
650 ## - SUBJECT ADDED ENTRY--TOPICAL TERM
Topical term or geographic name as entry element City network, International migration, Migration governance, Migration policies, Integration.
9 (RLIN) 36291
773 ## - HOST ITEM ENTRY
Main entry heading Local Government Studies
906 ## - LOCAL DATA ELEMENT F, LDF (RLIN)
Subject DIP MIGRATION
942 ## - ADDED ENTRY ELEMENTS (KOHA)
Item type Articles
Holdings
Withdrawn status Lost status Source of classification or shelving scheme Damaged status Not for loan Permanent location Current location Date acquired Serial Enumeration / chronology Barcode Date last seen Koha item type
          Indian Institute of Public Administration Indian Institute of Public Administration 2023-03-02 48(6), Dec, 2022: p.1027-1047 AR128175 2023-03-02 Articles

Powered by Koha